Visión desde Cuba / (Registro nro. 9540)
[ vista simple ]
| 000 -CABECERA | |
|---|---|
| Campo de control interno | 01728nam a2200265Ia 4500 |
| 008 - ELEMENTOS DE LONGITUD FIJA - INFORMACIÓN GENERAL | |
| Campo de control de longitud fija | 260220t1997||||xx |||||||||||||| ||spa|| |
| 020 ## - ISBN | |
| ISBN | 8492262419 |
| 040 ## - FUENTE DE CATALOGACIÓN | |
| Agencia de catalogación original | PY-SlUNAC |
| Idioma de catalogación | spa |
| Convenciones de descripción | rda |
| 041 ## - CÓDIGO DE IDIOMA | |
| Código de idioma para texto/pista de sonido o título separado | spa |
| 082 ## - NÚMERO DE CLASIFICACIÓN DECIMAL DEWEY | |
| Clasificación Decimal Dewey (CDD) | 972.91 |
| Clasificación Expansiva de Cutter (EC) | B413v |
| 100 ## - ASIENTO PRINCIPAL - NOMBRE PERSONAL | |
| Nombre personal | Bell Lara, José |
| Rol del autor | Autor |
| 245 #0 - TÍTULO | |
| Título | Visión desde Cuba / |
| Mención de responsabilidad | por José Bell Lara [Autor] y Clara Pulido Escandell [Autor] |
| 264 ## - PIE DE IMPRENTA | |
| Lugar | Madrid : |
| Editorial | Sodepaz, |
| Año | ℗1997. |
| 300 ## - DESCRIPCIÓN FÍSICA | |
| Páginas | 1 volumen |
| 520 ## - NOTA DE RESUMEN | |
| Nota de resumen | "Visión desde Cuba" de José Bell Lara es una obra que explora la realidad social, política y económica de Cuba a finales del siglo XX, ofreciendo una perspectiva crítica sobre los desafíos y logros de la Revolución Cubana. A través de un análisis detallado, el autor examina la historia reciente de la isla, destacando las tensiones entre el ideal revolucionario y las dificultades prácticas que enfrenta el país, como el bloqueo económico y las crisis internas. Bell Lara presenta testimonios y datos que ilustran la vida cotidiana de los cubanos, así como el impacto de las políticas gubernamentales en su bienestar. Además, el libro reflexiona sobre la identidad cubana y el papel de la cultura en la resistencia ante las adversidades. A lo largo de sus páginas, el autor invita a los lectores a cuestionar las narrativas hegemónicas sobre Cuba, promoviendo un entendimiento más profundo y matizado de la complejidad de su realidad contemporánea. |
| 651 ## - MATERIA - NOMBRE GEOGRÁFICO | |
| Materia - nombre geográfico | Cuba |
| 653 ## - MATERIA - TÉRMINO TEMÁTICO NO CONTROLADO (PALABRAS CLAVE) | |
| Materia - término temático no controlado (palabras clave) | Desarrollo sostenible |
| 653 ## - MATERIA - TÉRMINO TEMÁTICO NO CONTROLADO (PALABRAS CLAVE) | |
| Materia - término temático no controlado (palabras clave) | Política |
| 700 ## - ENTRADA SECUNDARIA - AUTOR PERSONAL | |
| Nombre personal | Pulido Escandell, Clara |
| Rol del autor | Autor |
| 942 ## - ELEMENTOS PERSONALIZADOS (KOHA) | |
| Fecha catalogación | 2026/02/17 |
| Tipo de documento | Libros |
| Fuente de Clasificacion | Colección | Ubicacion permanente | Biblioteca actual | Fecha de Ingreso a la Biblioteca | Origen de adquisición | Código de ubicación | Código de barras | Tipo de Item KOHA | Nota pública |
|---|---|---|---|---|---|---|---|---|---|
| Dewey Decimal Classification | Colección General (CG) | Biblioteca e Internet, Facultad de Ciencias Exactas y Naturales | Biblioteca e Internet, Facultad de Ciencias Exactas y Naturales | 02/20/2026 | Donación | 972.91 B413v | CG2900 | Libros | Material disponible en la Biblioteca e Intenet, Campus UNA, San Lorenzo. |


